[Event "DSJ Weihnachtsturnier U20 2020"]
[Site "https://play.chessbase.com/en/play?room=DSJWeihnachtU20"]
[Date "2020.12.29"]
[Round "7"]
[White "Schmider, Niklas"]
[Black "Woelk, Tom-Frederic"]
[Result "1-0"]
[Termination "normal"]
[Board "4.2"]
[WhiteTitle "FM"]
[WhiteElo "2303"]
[BlackElo "2245"]
[WhiteTeam "OSG Baden-Baden"]
[BlackTeam "Hamburger SK von 1830"]
[PlyCount "127"]
[WhiteFideId "12993778"]
[BlackFideId "12993077"]
[EventRounds "7"]
[EventType "team-swiss"]
[EventDate "2020.12.29"]

1. e4 {[%emt 0:00:07]} Nf6 {[%emt 0:00:19]} 2. e5 {[%emt 0:00:03]} Nd5 { [%emt
0:00:01]} 3. d4 {[%emt 0:00:01]} d6 {[%emt 0:00:01]} 4. c4 {[%emt 0:00:03]} Nb6
{[%emt 0:00:01]} 5. exd6 {[%emt 0:00:09]} exd6 {[%emt 0:00:00]} 6. Nc3 {[%emt
0:00:07]} Be7 {[%emt 0:00:02]} 7. Bd3 {[%emt 0:00:05]} Nc6 {[%emt 0:00:03]} 8.
Nge2 {[%emt 0:00:07]} Bg4 {[%emt 0:00:02]} 9. f3 {[%emt 0:00:03]} Bh5 { [%emt
0:00:01]} 10. O-O {[%emt 0:00:04]} O-O {[%emt 0:00:02]} 11. b3 {[%emt 0:00:07]}
Bf6 {[%emt 0:00:03]} 12. Be3 {[%emt 0:00:03]} Re8 {[%emt 0:00:02]} 13. Bf2
{[%emt 0:00:01]} Bg6 {[%emt 0:00:02]} 14. f4 {[%emt 0:00:20]} Bxd3 { [%emt
0:00:17]} 15. Qxd3 {[%emt 0:00:00]} d5 {[%emt 0:00:01]} 16. c5 {[%emt 0:00:15]}
Nc8 {[%emt 0:00:03]} 17. Kh1 {[%emt 0:00:20]} Qd7 {[%emt 0:00:15]} 18. Ng1
{[%emt 0:00:05]} Nb4 {[%emt 0:00:07]} 19. Qb1 {[%emt 0:00:21]} Ne7 { [%emt
0:00:04]} 20. Nf3 {[%emt 0:00:05]} Qf5 {[%emt 0:00:09]} 21. a3 {[%emt 0:00:13]}
Qxb1 {[%emt 0:01:42]} 22. Raxb1 {[%emt 0:00:00]} Nbc6 {[%emt 0:00:06]} 23. g4
{[%emt 0:00:12]} g6 {[%emt 0:00:04]} 24. b4 {[%emt 0:00:21]} Rad8 { [%emt
0:00:14]} 25. Rbe1 {[%emt 0:00:12]} a6 {[%emt 0:00:06]} 26. Re2 {[%emt
0:00:10]} Kf8 {[%emt 0:00:11]} 27. Rfe1 {[%emt 0:00:10]} Na7 {[%emt 0:00:02]}
28. Be3 {[%emt 0:00:20]} Nb5 {[%emt 0:00:04]} 29. Nxb5 {[%emt 0:00:03]} axb5 {
[%emt 0:00:00]} 30. f5 {[%emt 0:00:06]} gxf5 {[%emt 0:00:21]} 31. Bh6+ { [%emt
0:00:03]} Kg8 {[%emt 0:00:01]} 32. g5 {[%emt 0:00:03]} Bh8 {[%emt 0:01:50]} 33.
Rxe7 {[%emt 0:00:07]} Rxe7 {[%emt 0:00:00]} 34. Rxe7 {[%emt 0:00:01]} c6 {[%emt
0:00:00]} 35. Rxb7 {[%emt 0:00:07]} Re8 {[%emt 0:00:04]} 36. Kg2 { [%emt
0:00:06]} Bg7 {[%emt 0:00:23]} 37. Kg3 {[%emt 0:00:05]} Bxh6 {[%emt 0:00:01]}
38. gxh6 {[%emt 0:00:00]} f6 {[%emt 0:00:05]} 39. Rg7+ {[%emt 0:00:03]} Kh8
{[%emt 0:00:03]} 40. Kf4 {[%emt 0:00:02]} Ra8 {[%emt 0:00:07]} 41. Nh4 { [%emt
0:00:06]} Rxa3 {[%emt 0:00:14]} 42. Nxf5 {[%emt 0:00:04]} Rf3+ {[%emt 0:00:08]
HSK01-002 offers a draw} 43. Kg4 {[%emt 0:00:23]} Rf4+ {[%emt 0:00:11]} 44. Kg3
{[%emt 0:00:24]} Rxf5 {[%emt 0:00:09]} 45. Rc7 {[%emt 0:00:02]} Kg8 { [%emt
0:00:17]} 46. h4 {[%emt 0:00:15]} Rh5 {[%emt 0:00:07]} 47. Kg4 {[%emt 0:00:23]}
Rxh6 {[%emt 0:00:18]} 48. h5 {[%emt 0:00:01]} Kf8 {[%emt 0:00:14]} 49. Kh4
{[%emt 0:00:02]} f5 {[%emt 0:00:24]} 50. Kg5 {[%emt 0:00:06]} Re6 {[%emt
0:00:11]} 51. Rxh7 {[%emt 0:00:29]} f4 {[%emt 0:00:22]} 52. Kxf4 {[%emt
0:01:05]} Re4+ {[%emt 0:00:02]} 53. Kf5 {[%emt 0:00:01]} Rxd4 {[%emt 0:00:00]}
54. Rc7 { [%emt 0:00:02]} Rxb4 {[%emt 0:00:04]} 55. Rxc6 {[%emt 0:00:02]} Rc4
{[%emt 0:00:23]} 56. Ke5 {[%emt 0:00:03]} Rh4 {[%emt 0:00:45]} 57. h6 {[%emt
0:00:03]} Rh5+ {[%emt 0:00:35]} 58. Kd4 {[%emt 0:00:03]} b4 {[%emt 0:00:01]}
59. Rc8+ { [%emt 0:00:14]} Kf7 {[%emt 0:00:02]} 60. h7 {[%emt 0:00:03]} b3
{[%emt 0:00:29] } 61. h8=Q {[%emt 0:00:12]} Rxh8 {[%emt 0:00:03]} 62. Rxh8
{[%emt 0:00:02]} b2 {[%emt 0:00:00]} 63. Rb8 {[%emt 0:00:02]} Ke6 {[%emt
0:00:02]} 64. Rxb2 { [%emt 0:00:02]} 1-0

[Event "DSJ Weihnachtsturnier U20 2020"]
[Site "https://play.chessbase.com/en/play?room=DSJWeihnachtU20"]
[Date "2020.12.29"]
[Round "7"]
[White "Holinka, Henning"]
[Black "Chernykh, Arkady"]
[Result "0-1"]
[Termination "normal"]
[Board "4.3"]
[WhiteElo "2256"]
[BlackElo "2125"]
[WhiteTeam "Hamburger SK von 1830"]
[BlackTeam "OSG Baden-Baden"]
[PlyCount "96"]
[WhiteFideId "12967084"]
[BlackFideId "12989436"]
[EventRounds "7"]
[EventType "team-swiss"]
[EventDate "2020.12.29"]

1. e4 {[%emt 0:00:04]} e5 {[%emt 0:00:11]} 2. Nf3 {[%emt 0:00:05]} Nc6 { [%emt
0:00:03]} 3. Bc4 {[%emt 0:00:05]} Bc5 {[%emt 0:00:02]} 4. c3 {[%emt 0:00:03]}
Nf6 {[%emt 0:00:02]} 5. d3 {[%emt 0:00:01]} d6 {[%emt 0:00:02]} 6. Bb3 { [%emt
0:00:03]} a6 {[%emt 0:00:02]} 7. Nbd2 {[%emt 0:00:19]} Ba7 {[%emt 0:00:02]} 8.
a4 {[%emt 0:00:04]} O-O {[%emt 0:00:04]} 9. O-O {[%emt 0:00:08]} Be6 { [%emt
0:00:06]} 10. Bc2 {[%emt 0:00:04]} d5 {[%emt 0:00:02]} 11. Qe2 {[%emt 0:00:03]}
dxe4 {[%emt 0:00:20]} 12. dxe4 {[%emt 0:00:06]} Qd7 {[%emt 0:00:54]} 13. Nc4
{[%emt 0:00:36]} Bxc4 {[%emt 0:00:26]} 14. Qxc4 {[%emt 0:00:03]} Rad8 { [%emt
0:00:03]} 15. Bg5 {[%emt 0:00:17]} Qe7 {[%emt 0:00:35]} 16. b4 {[%emt 0:00:25]}
Bb6 {[%emt 0:00:46]} 17. a5 {[%emt 0:01:12]} Ba7 {[%emt 0:00:03]} 18. Ba4
{[%emt 0:00:03]} Rd6 {[%emt 0:00:29]} 19. Nh4 {[%emt 0:01:45]} Qe6 { [%emt
0:00:48]} 20. Qxe6 {[%emt 0:00:18]} fxe6 {[%emt 0:01:01]} 21. Bc2 { [%emt
0:00:22]} h6 {[%emt 0:01:44]} 22. Bc1 {[%emt 0:00:14]} g5 {[%emt 0:00:54] } 23.
Nf3 {[%emt 0:00:08]} Ng4 {[%emt 0:00:20]} 24. h3 {[%emt 0:00:15]} Nf6 { [%emt
0:00:07]} 25. Nd2 {[%emt 0:00:11]} Nh5 {[%emt 0:00:13]} 26. Nc4 {[%emt
0:00:11]} Ng3 {[%emt 0:00:37]} 27. Nxd6 {[%emt 0:00:20]} Nxf1 {[%emt 0:00:06]}
28. Nxb7 {[%emt 0:00:26]} Rxf2 {[%emt 0:00:06]} 29. Nc5 {[%emt 0:00:07]} Rxc2 {
[%emt 0:00:08]} 30. Kxf1 {[%emt 0:00:04]} Bxc5 {[%emt 0:00:02]} 31. bxc5 {
[%emt 0:00:04]} Rxc3 {[%emt 0:00:05]} 32. Ke2 {[%emt 0:00:30]} Nd4+ {[%emt
0:00:03]} 33. Kd2 {[%emt 0:01:32]} Rxc5 {[%emt 0:00:05]} 34. Rb1 {[%emt
0:00:03]} Rc2+ {[%emt 0:00:05]} 35. Kd3 {[%emt 0:00:25]} c5 {[%emt 0:00:05]}
36. Bd2 { [%emt 0:00:26]} c4+ {[%emt 0:00:03]} 37. Ke3 {[%emt 0:00:02]} c3
{[%emt 0:00:02]} 38. Be1 {[%emt 0:00:02]} Rxg2 {[%emt 0:00:08]} 39. Bxc3 {[%emt
0:00:02]} Rg3+ {[%emt 0:00:02]} 40. Kd2 {[%emt 0:00:01]} Rxh3 {[%emt 0:00:03]}
41. Rb6 { [%emt 0:00:03]} Kf7 {[%emt 0:00:05]} 42. Rxa6 {[%emt 0:00:03]} g4
{[%emt 0:00:03]} 43. Ra7+ {[%emt 0:00:03]} Kf6 {[%emt 0:00:02]} 44. Rb7 {[%emt
0:00:01]} g3 {[%emt 0:00:03]} 45. Rb1 {[%emt 0:00:02]} g2 {[%emt 0:00:02]} 46.
Bxd4 { [%emt 0:00:02]} exd4 {[%emt 0:00:02]} 47. Rg1 {[%emt 0:00:00]} Ra3
{[%emt 0:00:01]} 48. Kd1 {[%emt 0:00:02]} Ra1+ {[%emt 0:00:01]} 0-1

[Event "DSJ Weihnachtsturnier U20 2020"]
[Site "https://play.chessbase.com/en/play?room=DSJWeihnachtU20"]
[Date "2020.12.29"]
[Round "7"]
[White "Martin, Richard"]
[Black "Engel, Robert"]
[Result "0-1"]
[Termination "normal"]
[Board "4.4"]
[WhiteElo "1923"]
[BlackElo "2113"]
[WhiteTeam "OSG Baden-Baden"]
[BlackTeam "Hamburger SK von 1830"]
[PlyCount "164"]
[WhiteFideId "12925691"]
[BlackFideId "12974684"]
[EventRounds "7"]
[EventType "team-swiss"]
[EventDate "2020.12.29"]

1. d4 {[%emt 0:00:04]} Nf6 {[%emt 0:00:06]} 2. c4 {[%emt 0:00:01]} e5 {[%emt
0:00:15]} 3. dxe5 {[%emt 0:00:04]} Ng4 {[%emt 0:00:03]} 4. Nf3 {[%emt 0:00:05]}
Nc6 {[%emt 0:00:02]} 5. Bf4 {[%emt 0:00:02]} Bb4+ {[%emt 0:00:01]} 6. Nbd2 {
[%emt 0:00:02]} Qe7 {[%emt 0:00:02]} 7. e3 {[%emt 0:00:03]} Ngxe5 {[%emt
0:00:01]} 8. Bxe5 {[%emt 0:00:14]} Nxe5 {[%emt 0:00:00]} 9. Be2 {[%emt
0:00:01]} O-O {[%emt 0:00:59]} 10. O-O {[%emt 0:00:03]} Bxd2 {[%emt 0:00:03]}
11. Qxd2 { [%emt 0:00:04]} d6 {[%emt 0:00:01]} 12. Rac1 {[%emt 0:00:07]} b6
{[%emt 0:00:02]} 13. Nxe5 {[%emt 0:00:04]} Qxe5 {[%emt 0:00:02]} 14. Bf3 {[%emt
0:00:01]} Rb8 {[%emt 0:00:01]} 15. Qd4 {[%emt 0:00:04]} Re8 {[%emt 0:00:03]}
16. Rfd1 { [%emt 0:00:03]} Bf5 {[%emt 0:00:14]} 17. Bc6 {[%emt 0:00:07]} Re7
{[%emt 0:00:08]} 18. Qxe5 {[%emt 0:00:09]} Rxe5 {[%emt 0:00:00]} 19. Rd5 {[%emt
0:00:05]} f6 {[%emt 0:00:30]} 20. f4 {[%emt 0:00:28]} Rxd5 {[%emt 0:00:30]} 21.
cxd5 { [%emt 0:00:02]} Be4 {[%emt 0:00:11]} 22. Kf2 {[%emt 0:00:05]} Kf7 {[%emt
0:00:10]} 23. g4 {[%emt 0:00:02]} g6 {[%emt 0:00:06]} 24. Bd7 {[%emt 0:00:42]}
Bxd5 {[%emt 0:00:35]} 25. Rxc7 {[%emt 0:00:07]} Rb7 {[%emt 0:00:02]} 26. Rxb7 {
[%emt 0:00:22]} Bxb7 {[%emt 0:00:00]} 27. Ke2 {[%emt 0:00:04]} Ke7 {[%emt
0:00:17]} 28. Bb5 {[%emt 0:00:04]} g5 {[%emt 0:00:11]} 29. Bd3 {[%emt 0:00:07]}
h6 { [%emt 0:00:02]} 30. a3 {[%emt 0:00:07]} d5 {[%emt 0:00:04]} 31. Bf5 {[%emt
0:00:09]} Kd6 {[%emt 0:00:04]} 32. Kd3 {[%emt 0:00:01]} Ba6+ {[%emt 0:00:28]}
33. Kd4 {[%emt 0:00:04]} Be2 {[%emt 0:00:02]} 34. b4 {[%emt 0:00:16]} Bf3
{[%emt 0:00:17]} 35. Bc8 {[%emt 0:00:10]} a5 {[%emt 0:00:20]} 36. Kc3 {[%emt
0:00:17]} Kc7 {[%emt 0:00:30]} 37. Bf5 {[%emt 0:00:08]} Kc6 {[%emt 0:00:05]}
38. Be6 { [%emt 0:00:50]} Kd6 {[%emt 0:00:09]} 39. Bc8 {[%emt 0:00:05]} Kc7
{[%emt 0:00:02]} 40. Be6 {[%emt 0:00:05]} Kd6 {[%emt 0:00:04]} 41. Bf5 {[%emt
0:00:02]} Kc6 {[%emt 0:00:02]} 42. Kd4 {[%emt 0:00:17]} Kd6 {[%emt 0:00:07]}
43. Kd3 { [%emt 0:01:04]} Kc6 {[%emt 0:00:09]} 44. bxa5 {[%emt 0:00:27]} bxa5
{[%emt 0:00:05]} 45. fxg5 {[%emt 0:00:02]} hxg5 {[%emt 0:00:08]} 46. e4 {[%emt
0:00:11]} Kc5 {[%emt 0:00:17]} 47. exd5 {[%emt 0:00:15]} Kxd5 {[%emt 0:00:00]}
48. Bc8 { [%emt 0:00:06]} Bd1 {[%emt 0:00:28]} 49. Bf5 {[%emt 0:00:35]} Bf3
{[%emt 0:00:42]} 50. Kc3 {[%emt 0:00:19]} Kc5 {[%emt 0:00:03]} 51. Bc8 {[%emt
0:00:09]} Bc6 {[%emt 0:00:10]} 52. Kd3 {[%emt 0:00:08]} Kd5 {[%emt 0:00:03]}
53. Bf5 { [%emt 0:00:03]} Bb5+ {[%emt 0:00:19]} 54. Ke3 {[%emt 0:00:03]} Bf1
{[%emt 0:00:11]} 55. Be4+ {[%emt 0:00:07]} Kc4 {[%emt 0:00:20]} 56. Bc6 {[%emt
0:00:06]} Kc5 {[%emt 0:00:15]} 57. Bd7 {[%emt 0:00:08]} Bg2 {[%emt 0:00:07]}
58. Kd3 { [%emt 0:00:07]} Bf3 {[%emt 0:00:01]} 59. Kc3 {[%emt 0:00:05]} Bg2
{[%emt 0:00:02]} 60. Bf5 {[%emt 0:00:06]} Bd5 {[%emt 0:00:04]} 61. Bg6 {[%emt
0:00:11]} Be6 {[%emt 0:00:03]} 62. Bh5 {[%emt 0:00:12]} Bd7 {[%emt 0:00:11]}
63. Kb3 { [%emt 0:00:08]} Kd4 {[%emt 0:00:07]} 64. h3 {[%emt 0:00:30]} Ke3
{[%emt 0:00:07]} 65. Bf7 {[%emt 0:00:02]} Kf4 {[%emt 0:00:03]} 66. Bc4 {[%emt
0:00:05]} Kg3 {[%emt 0:00:03]} 67. Bf1 {[%emt 0:00:03]} Kf2 {[%emt 0:00:01]}
68. Bc4 { [%emt 0:00:02]} Kg2 {[%emt 0:00:01]} 69. a4 {[%emt 0:00:14]} Kxh3
{[%emt 0:00:04]} 70. Bb5 {[%emt 0:00:03]} Be6+ {[%emt 0:00:06]} 71. Kc3 {[%emt
0:00:11]} Kxg4 {[%emt 0:00:03]} 72. Be2+ {[%emt 0:00:00]} Kg3 {[%emt 0:00:06]}
73. Kd4 { [%emt 0:00:00]} f5 {[%emt 0:00:07]} 74. Kc5 {[%emt 0:00:05]} f4
{[%emt 0:00:18] } 75. Kb5 {[%emt 0:00:02]} f3 {[%emt 0:00:06]} 76. Bd3 {[%emt
0:00:01]} Bd7+ { [%emt 0:00:08]} 77. Kxa5 {[%emt 0:00:01]} Bxa4 {[%emt
0:00:05]} 78. Kxa4 { [%emt 0:00:01]} Kf4 {[%emt 0:00:03]} 79. Kb3 {[%emt
0:00:01]} g4 {[%emt 0:00:01]} 80. Kc3 {[%emt 0:00:03]} g3 {[%emt 0:00:01]} 81.
Bf1 {[%emt 0:00:01]} g2 { [%emt 0:00:01]} 82. Bxg2 {[%emt 0:00:00]} fxg2 {[%emt
0:00:00]} 0-1

[Event "DSJ Weihnachtsturnier U20 2020"]
[Site "https://play.chessbase.com/en/play?room=DSJWeihnachtU20"]
[Date "2020.12.29"]
[Round "7"]
[White "Knüdel, Torben"]
[Black "Roseneck, Jonas"]
[Result "0-1"]
[Termination "normal"]
[Board "5.1"]
[BlackTitle "FM"]
[WhiteElo "2204"]
[BlackElo "2401"]
[WhiteTeam "Post SV Uelzen"]
[BlackTeam "SG Aufbau Elbe Magdeburg"]
[PlyCount "72"]
[WhiteFideId "16208820"]
[BlackFideId "12939870"]
[EventRounds "7"]
[EventType "team-swiss"]
[EventDate "2020.12.29"]

1. e4 {[%emt 0:00:40]} c5 {[%emt 0:00:04]} 2. Nf3 {[%emt 0:00:05]} d6 {[%emt
0:00:02]} 3. d4 {[%emt 0:00:02]} cxd4 {[%emt 0:00:00]} 4. Nxd4 {[%emt 0:00:01]}
Nf6 {[%emt 0:00:01]} 5. Nc3 {[%emt 0:00:01]} a6 {[%emt 0:00:01]} 6. Qe2 { [%emt
0:00:01]} e5 {[%emt 0:00:13]} 7. Nf5 {[%emt 0:00:05]} d5 {[%emt 0:00:01]} 8.
Bg5 {[%emt 0:00:04]} d4 {[%emt 0:00:01]} 9. O-O-O {[%emt 0:00:02]} Nc6 { [%emt
0:00:04]} 10. f4 {[%emt 0:00:14]} Qa5 {[%emt 0:00:18]} 11. Bxf6 {[%emt
0:01:59]} dxc3 {[%emt 0:00:14]} 12. Nxg7+ {[%emt 0:02:01]} Bxg7 {[%emt
0:00:05]} 13. Bxg7 {[%emt 0:00:00]} Qxa2 {[%emt 0:00:38]} 14. bxc3 {[%emt
0:00:11]} Rg8 { [%emt 0:00:01]} 15. Bf6 {[%emt 0:01:50]} Bg4 {[%emt 0:00:04]}
16. Qe1 {[%emt 0:00:06]} Bxd1 {[%emt 0:00:02]} 17. Qxd1 {[%emt 0:00:04]} Qa3+
{[%emt 0:00:40]} 18. Kb1 {[%emt 0:00:02]} Qxc3 {[%emt 0:00:04]} 19. fxe5 {[%emt
0:00:06]} Rc8 { [%emt 0:00:34]} 20. e6 {[%emt 0:00:13]} Qb4+ {[%emt 0:00:06]}
21. Bb2 {[%emt 0:00:40]} fxe6 {[%emt 0:00:02]} 22. Qh5+ {[%emt 0:00:03]} Kd7
{[%emt 0:00:16]} 23. Qxh7+ {[%emt 0:00:13]} Ne7 {[%emt 0:00:04]} 24. Be2 {[%emt
0:00:27]} Kc7 { [%emt 0:00:50]} 25. Rd1 {[%emt 0:00:07]} Kb8 {[%emt 0:00:08]}
26. Rd4 {[%emt 0:00:28]} Qe1+ {[%emt 0:00:12]} 27. Ka2 {[%emt 0:00:15]} Rg5
{[%emt 0:00:35]} 28. Qxe7 {[%emt 0:00:07]} Ra5+ {[%emt 0:00:05]} 29. Kb3 {[%emt
0:00:03]} Qxe2 { [%emt 0:00:03]} 30. Qd6+ {[%emt 0:00:08]} Ka8 {[%emt 0:00:06]}
31. c4 {[%emt 0:00:13]} Rac5 {[%emt 0:00:20]} 32. Qxe6 {[%emt 0:00:09]} R8c6
{[%emt 0:00:03]} 33. Qe8+ {[%emt 0:00:16]} Ka7 {[%emt 0:00:07]} 34. Qxc6 {[%emt
0:00:13]} Rxc6 { [%emt 0:00:03]} 35. Rd5 {[%emt 0:00:02]} Rb6+ {[%emt 0:00:02]}
36. Ka3 { [%emt 0:00:02]} Qxb2+ {[%emt 0:00:01]} 0-1

[Event "DSJ Weihnachtsturnier U20 2020"]
[Site "https://play.chessbase.com/en/play?room=DSJWeihnachtU20"]
[Date "2020.12.29"]
[Round "7"]
[White "Sieber, Fiona"]
[Black "von Estorff, Jacob"]
[Result "0-1"]
[Termination "normal"]
[Board "5.2"]
[WhiteTitle "WIM"]
[WhiteElo "2275"]
[BlackElo "2125"]
[WhiteTeam "SG Aufbau Elbe Magdeburg"]
[BlackTeam "Post SV Uelzen"]
[PlyCount "64"]
[WhiteFideId "12902373"]
[BlackFideId "12974501"]
[EventRounds "7"]
[EventType "team-swiss"]
[EventDate "2020.12.29"]

1. e4 {[%emt 0:00:05]} c5 {[%emt 0:00:24]} 2. Nf3 {[%emt 0:00:02]} Nc6 { [%emt
0:00:01]} 3. d4 {[%emt 0:00:01]} cxd4 {[%emt 0:00:00]} 4. Nxd4 {[%emt 0:00:01]}
g6 {[%emt 0:00:03]} 5. c4 {[%emt 0:00:03]} Bg7 {[%emt 0:00:01]} 6. Be3 {[%emt
0:00:01]} Nf6 {[%emt 0:00:04]} 7. Nc3 {[%emt 0:00:03]} O-O {[%emt 0:00:04]} 8.
Be2 {[%emt 0:00:09]} d6 {[%emt 0:00:12]} 9. O-O {[%emt 0:00:01]} Nxd4 { [%emt
0:00:07]} 10. Bxd4 {[%emt 0:00:02]} Nd7 {[%emt 0:00:01]} 11. Rc1 { [%emt
0:00:16]} Re8 {[%emt 0:00:07]} 12. Be3 {[%emt 0:00:06]} b6 {[%emt 0:00:15]} 13.
b4 {[%emt 0:00:07]} Bb7 {[%emt 0:00:02]} 14. Nd5 {[%emt 0:00:33]} Nf6 {[%emt
0:00:23]} 15. Bd3 {[%emt 0:00:08]} Rc8 {[%emt 0:00:08]} 16. f4 {[%emt 0:00:12]}
Qd7 {[%emt 0:00:24]} 17. Kh1 {[%emt 0:00:13]} Bxd5 {[%emt 0:00:18]} 18. exd5
{[%emt 0:00:04]} e6 {[%emt 0:00:47]} 19. dxe6 {[%emt 0:00:06]} Qxe6 { [%emt
0:00:07]} 20. Bg1 {[%emt 0:00:06]} Ne4 {[%emt 0:00:15]} 21. f5 {[%emt 0:00:51]}
Qe5 {[%emt 0:00:32]} 22. Qf3 {[%emt 0:00:50]} Nd2 {[%emt 0:00:16]} 23. Qb7
{[%emt 0:00:14]} Nxf1 {[%emt 0:00:05]} 24. Rxf1 {[%emt 0:00:01]} Bf6 { [%emt
0:00:45]} 25. fxg6 {[%emt 0:00:10]} hxg6 {[%emt 0:00:03]} 26. Qxa7 { [%emt
0:00:34]} Kg7 {[%emt 0:00:27]} 27. Qxb6 {[%emt 0:00:27]} Rb8 {[%emt 0:00:04]}
28. Qc6 {[%emt 0:00:22]} Rxb4 {[%emt 0:00:09]} 29. Bd4 {[%emt 0:00:04]} Qxd4
{[%emt 0:00:16]} 30. Qxe8 {[%emt 0:00:15]} Qxd3 {[%emt 0:00:10]} 31. Qe1 {
[%emt 0:00:11]} Rxc4 {[%emt 0:00:08]} 32. Qf2 {[%emt 0:00:01]} Qd4 {[%emt
0:00:09] Elbe-MD002 gibt auf} 0-1

[Event "DSJ Weihnachtsturnier U20 2020"]
[Site "https://play.chessbase.com/en/play?room=DSJWeihnachtU20"]
[Date "2020.12.29"]
[Round "7"]
[White "Bargsten, Justus"]
[Black "Biastoch, Bennet"]
[Result "0-1"]
[Termination "normal"]
[Board "5.3"]
[BlackTitle "FM"]
[WhiteElo "2052"]
[BlackElo "2266"]
[WhiteTeam "Post SV Uelzen"]
[BlackTeam "SG Aufbau Elbe Magdeburg"]
[PlyCount "72"]
[WhiteFideId "12974188"]
[BlackFideId "12939889"]
[EventRounds "7"]
[EventType "team-swiss"]
[EventDate "2020.12.29"]

1. e4 {[%emt 0:00:27]} c5 {[%emt 0:00:02]} 2. Nf3 {[%emt 0:00:02]} d6 {[%emt
0:00:01]} 3. d4 {[%emt 0:00:02]} cxd4 {[%emt 0:00:00]} 4. Nxd4 {[%emt 0:00:00]}
Nf6 {[%emt 0:00:01]} 5. Nc3 {[%emt 0:00:01]} a6 {[%emt 0:00:01]} 6. h3 { [%emt
0:00:02]} e5 {[%emt 0:00:01]} 7. Nde2 {[%emt 0:00:01]} h5 {[%emt 0:00:01] } 8.
Bg5 {[%emt 0:00:02]} Be6 {[%emt 0:00:02]} 9. Qd2 {[%emt 0:00:07]} Nc6 { [%emt
0:00:29]} 10. g3 {[%emt 0:00:04]} Rc8 {[%emt 0:00:10]} 11. Bg2 {[%emt 0:00:08]}
b5 {[%emt 0:00:39]} 12. O-O {[%emt 0:00:17]} Be7 {[%emt 0:00:15]} 13. f4 {[%emt
0:00:12]} Bc4 {[%emt 0:00:26]} 14. b3 {[%emt 0:00:11]} Bxe2 {[%emt 0:00:07]}
15. Nxe2 {[%emt 0:00:01]} O-O {[%emt 0:00:25]} 16. Rad1 {[%emt 0:00:18] } b4
{[%emt 0:00:49]} 17. Bxf6 {[%emt 0:00:37]} Bxf6 {[%emt 0:00:02]} 18. Qxd6
{[%emt 0:00:04]} Qb6+ {[%emt 0:00:01]} 19. Kh2 {[%emt 0:00:14]} Rfd8 {[%emt
0:00:03]} 20. fxe5 {[%emt 0:00:14]} Bxe5 {[%emt 0:00:14]} 21. Qd7 {[%emt
0:00:40] } Rxd7 {[%emt 0:00:04]} 22. Rxd7 {[%emt 0:00:00]} Rc7 {[%emt 0:00:19]}
23. Rd5 {[%emt 0:00:20]} Qe3 {[%emt 0:00:10]} 24. Nf4 {[%emt 0:00:04]} h4
{[%emt 0:00:16]} 25. Rf3 {[%emt 0:00:53]} hxg3+ {[%emt 0:00:04]} 26. Kh1 {[%emt
0:00:02]} Qxe4 {[%emt 0:01:02]} 27. Rf1 {[%emt 0:00:42]} Qxf4 {[%emt 0:00:03]}
28. Rxf4 { [%emt 0:00:02]} Bxf4 {[%emt 0:00:01]} 29. Rf5 {[%emt 0:00:11]} g5
{[%emt 0:00:05]} 30. h4 {[%emt 0:00:04]} Ne7 {[%emt 0:00:02]} 31. Rf6 {[%emt
0:00:09]} Rxc2 {[%emt 0:00:03]} 32. Be4 {[%emt 0:00:02]} Rh2+ {[%emt 0:00:05]}
33. Kg1 { [%emt 0:00:02]} Be3+ {[%emt 0:00:01]} 34. Kf1 {[%emt 0:00:00]} Rxh4
{[%emt 0:00:04]} 35. Bf3 {[%emt 0:00:06]} Rf4 {[%emt 0:00:02]} 36. Rxf4 {[%emt
0:00:07]} gxf4 {[%emt 0:00:01]} 0-1

[Event "DSJ Weihnachtsturnier U20 2020"]
[Site "https://play.chessbase.com/en/play?room=DSJWeihnachtU20"]
[Date "2020.12.29"]
[Round "7"]
[White "Hoffmann, Lennard"]
[Black "Askerov, Imamali"]
[Result "0-1"]
[Termination "normal"]
[Board "5.4"]
[WhiteElo "2022"]
[BlackElo "1937"]
[WhiteTeam "SG Aufbau Elbe Magdeburg"]
[BlackTeam "Post SV Uelzen"]
[PlyCount "76"]
[WhiteFideId "12943495"]
[BlackFideId "12974498"]
[EventRounds "7"]
[EventType "team-swiss"]
[EventDate "2020.12.29"]

1. e4 {[%emt 0:00:02]} c5 {[%emt 0:00:28]} 2. Nf3 {[%emt 0:00:03]} e6 {[%emt
0:00:01]} 3. d4 {[%emt 0:00:01]} cxd4 {[%emt 0:00:00]} 4. Nxd4 {[%emt 0:00:01]}
Nc6 {[%emt 0:00:00]} 5. Nxc6 {[%emt 0:00:01]} bxc6 {[%emt 0:00:00]} 6. c4 {
[%emt 0:00:01]} Qc7 {[%emt 0:00:23]} 7. Nc3 {[%emt 0:00:04]} Nf6 {[%emt
0:00:03]} 8. f4 {[%emt 0:00:14]} d6 {[%emt 0:00:37]} 9. Qf3 {[%emt 0:00:23]}
Bb7 { [%emt 0:00:08]} 10. Be3 {[%emt 0:00:13]} Be7 {[%emt 0:00:12]} 11. Be2
{[%emt 0:00:06]} O-O {[%emt 0:00:36]} 12. g4 {[%emt 0:00:04]} Nd7 {[%emt
0:00:24]} 13. O-O-O {[%emt 0:00:05]} d5 {[%emt 0:00:29]} 14. f5 {[%emt
0:00:17]} Ne5 { [%emt 0:01:02]} 15. Qg3 {[%emt 0:00:25]} Bd6 {[%emt 0:00:03]}
16. Bf4 {[%emt 0:00:46]} Nd3+ {[%emt 0:00:24]} 17. Qxd3 {[%emt 0:00:02]} Bxf4+
{[%emt 0:00:01]} 18. Kb1 {[%emt 0:00:00]} Rad8 {[%emt 0:00:23]} 19. Qf3 {[%emt
0:00:19]} d4 { [%emt 0:00:45]} 20. Na4 {[%emt 0:00:10]} Be5 {[%emt 0:00:08]}
21. Bd3 {[%emt 0:00:05]} c5 {[%emt 0:00:11]} 22. g5 {[%emt 0:00:06]} exf5
{[%emt 0:00:05]} 23. Qxf5 {[%emt 0:00:14]} g6 {[%emt 0:00:02]} 24. Qg4 {[%emt
0:00:04]} Bc8 { [%emt 0:00:13]} 25. Qe2 {[%emt 0:00:09]} Bd7 {[%emt 0:00:05]}
26. Bc2 {[%emt 0:00:09]} Rb8 {[%emt 0:00:37]} 27. Rd3 {[%emt 0:00:13]} Rb4
{[%emt 0:00:28]} 28. Qd1 {[%emt 0:00:16]} Rfb8 {[%emt 0:00:07]} 29. Rb3 {[%emt
0:00:17]} Bxa4 { [%emt 0:00:03]} 30. Rxb4 {[%emt 0:00:02]} Bxc2+ {[%emt
0:00:01]} 31. Qxc2 { [%emt 0:00:03]} Rxb4 {[%emt 0:00:01]} 32. Qd3 {[%emt
0:00:03]} Qb6 {[%emt 0:00:11]} 33. b3 {[%emt 0:00:03]} a5 {[%emt 0:00:08]} 34.
h4 {[%emt 0:00:04]} a4 { [%emt 0:00:01]} 35. Kc2 {[%emt 0:00:01]} axb3+ {[%emt
0:00:04]} 36. axb3 { [%emt 0:00:00]} Qa5 {[%emt 0:00:09]} 37. Kb2 {[%emt
0:00:01]} Rb8 {[%emt 0:00:17]} 38. Ra1 {[%emt 0:00:18]} Rxb3+ {[%emt 0:00:29]
Elbe-MD004 gibt auf} 0-1